000
00297nam a22001337a 4500
008
210310b ||||| |||| 00| 0 eng d
041
_a
eng
080
_a
338
082
_a
338
100
_a
53
101
_a
MEN
245
_a
Management in America Crisis in Ethics
_c
Sikula,A
942
_2
udc
_c
BK
999
_c
56257
_d
56257